驀然回首,你依然在

資料類型: Book 圖書   書目號:49738

Leader xxxxxxxxxx
001 __ PCLIS00049738
005 __ 20221028093013.0
010 0_ |a978-986-272-876-5|b平裝|dNT$220
100 __ |a20160421d2015    m  y0chiy09      e
101 0_ |achi
102 __ |atw
105 __ |ay   z   000ay
200 1_ |a驀然回首,你依然在|dOur love|zeng|fSunry著
205 __ |a初版
210 __ |a臺北市|c商周出版|c高見文化總經銷|d2015[民104]
215 0_ |a257面|d21公分|e1冊別冊
225 2_ |aNovel@net|v250
225 2_ |a網路小說|v250
300 __ |a作者號由t037取自責任編輯楊如玉
300 __ |a別冊內容: 番外: 雨天的小故事 / 晴菜
510 1_ |aOur love|zeng
606 __ |2cst|a長篇小說
681 __ |a857.7|b8663
700 _0 |aSunry|4801 _0 |atw|b內湖高中|c20160421|gCCR
801 _1 |atw|b內湖高中|c20161124|gCCR
801 _2 |atw|b內湖高中|c20221028|gCCR
詳細館藏(共 1 筆)
索 書 號登 錄 號冊次號館別 / 館藏地流通類型狀態加入預約清單電子資源
857.7 / 8663 1023509  圖書館 / 一樓普通區 可外借30天 在館   

| 條列資料




目錄查詢 分類查詢 個人資料 圖書薦購 新書查詢 閉館日 排行榜 更多電子資源 Hami書城 線上資料庫 登出

From : 216.73.217.52

  本日流通累計至 13:40:40 借閱 : 0 次 續借 : 0 次 歸還 : 0 次 預約 : 0 次 電子資源 : 0 次


內湖高中圖書館  PCLIS 版本  26.5.0.12